000 00564nam a2200193Ia 4500
003 GCL
008 140319s9999 xx 000 0 eng d
040 _aGCL /
_cGCL
082 0 4 _a947.08
_bG R
100 1 _aGOODING, JOHN
245 1 0 _aRULERS AND SUBJECTS: GOVERNMENT AND PEOPLE IN RUSSIA 1801-1991 /
_cGOODING, JOHN
260 _a[S.N] :
_bARNOLD PUBLISHERS ،
_c1996
300 _a387 P
650 0 4 _aRUSSIA - HISTORY - 1801-1991
650 0 4 _aSOVIET UNION - HISTORY
650 0 4 _aHISTORY
650 0 4 _aRUSSIA - POLITICS AND GOVERNMENT
942 _2ddc
_cBK
999 _c13154
_d13154